00960nam a2200229 a 4500008004100000020003200041040002500073041001300098044001100111080001900122100003500141245012100176250001300297260004900310300002800359500017000387700003100557700002400588958000600612999001700618952009500635951123s1983||||[C 0 slo c c17 Kčs. q(18000 výtl.) aSNKbslocSNKeAACR21 aslohrus axocSK a947"1909/1910"1 aLenin, Vladimir Iľjič4aut10aZobrané spisy. /Zv./ 19bJún 1909-október 1910cVladimir Iľjič Lenin ; Marta Šefranková, Oto Takáč a2., vyd. aBratislavabPravdac1983eBratislavafPravda a743 s., 32,90 AHc20 cm aLit. 240. Životopisné údaje. Reg. lit. prác a prameňov a men. Pozn. Faksim. rkp. nenájdených prác V.I. Lenina. 240 zázn. v slov., češ. a ruš.1 aŠefranková, Marta4trl1 aTakáč, Oto4bkd aA c15440d15440 011040708Ka10000b10000d2019-11-29g17.00i14465oK 018r2019-11-29w2019-11-29yOLDO